LEADER 01037nas 2200385 c 450 001 9910893016003321 005 20260218110906.0 011 $a2073-2295 035 $a(CKB)5280000000194348 035 $a(OCoLC)864631393 035 $a(DE-101)1044906839 035 $a(DE-599)ZDB2744693-1 035 $a(DE-599)2744693-1 035 $a(EXLCZ)995280000000194348 100 $a20131203a20099999 |y | 101 0 $aeng 135 $aur||||||||||| 181 $ctxt$2rdacontent 182 $cc$2rdamedia 183 $acr$2rdacarrier 200 00$aJournal of Madenat Alelem College$fCity College of Science University 210 31$aBaghdad$d2009- 215 $aOnline-Ressource 300 $aGesehen am 03.12.13 517 1 $aJurnal of Madenat Alelem College 608 $aZeitschrift$2gnd-content 676 $a600 676 $a340 801 0$b0355 801 1$bDE-101 801 2$b4022 906 $aJOURNAL 912 $a9910893016003321 996 $aJournal of Madenat Alelem College$94258864 997 $aUNINA